Electrodynamics
Enregistré dans:
| Auteurs principaux: | , |
|---|---|
| Format: | Livre |
| Langue: | anglais |
| Publié: |
Nueva York
D. Van Nostrand Company
1940
|
| Édition: | 1a. ed |
| Sujets: | |
| Tags: |
Ajouter un tag
Pas de tags, Soyez le premier à ajouter un tag!
|
MARC
| LEADER | 00000nam a2200000 a 4500 | ||
|---|---|---|---|
| 001 | UCG0524 | ||
| 003 | CL-VaPUC | ||
| 008 | 100325e19400000US |||||||||||||||||eng|d | ||
| 082 | 0 | 4 | |a 537.6 |b PAG |2 21 |
| 100 | 0 | |a Page, Leigh |e author |9 547994 | |
| 700 | 0 | |a Adams, Norman Ilsley |e author |9 547995 | |
| 245 | 1 | 0 | |a Electrodynamics |
| 250 | |a 1a. ed | ||
| 300 | |a 506 p | ||
| 942 | |c BK | ||
| 945 | |d 20100325 00:00:00 |a dcastane | ||
| 260 | |a Nueva York |b D. Van Nostrand Company |c 1940 | ||
| 650 | 0 | |a Electrodinámica |9 317185 | |
| 650 | 7 | |a CAMPOS MAGNETICOS |2 CL-VaPUC |9 547996 | |
| 650 | 7 | |a PROPIEDADES MAGNETICAS |2 CL-VaPUC |9 547997 | |
| 650 | 7 | |a TEORIA ELECTRODINAMICA |2 CL-VaPUC |9 547998 | |
| 583 | |a last modification |c 20130325 05:22:10 |k Rodrigo Vera | ||
| 999 | |c 340146 |d 340144 | ||